000 00803nam a22002537a 4500
001 101073
003 UA-OsUOA
005 20251212152143.0
007 ta
008 20130604b un ||||| |||| 00| 0 ukr d
040 _aUA-OsUOA
_brus
_cUA-OsUOA
_dUA-OsUOA
041 _arus
080 _a821.161.1
090 _a821.161.1
_bЧ-56
100 _aЧехов А. П.
_918185
245 _aПолное собрание сочинений и писем
_cА. П. Чехов
260 _aМ.
_bГИХЛ
_c1949
300 _a624 с.
505 _gТ. 13
_tПисьма 1875–1887
650 7 _a821 Художня література окремими мовами і мовними сім'ями
_2UDC
_917
942 _cBK
_2udc
955 _a3
999 _c387323
_d387323